Normal view
MARC view
- Abbasi, Ameema Shahid
Entry Personal Name
001 - CONTROL NUMBER
- control field: 125714
003 - CONTROL NUMBER IDENTIFIER
- control field: NUST
005 - DATE AND TIME OF LATEST TRANSACTION
- control field: 20240909103616.0
008 - FIXED-LENGTH DATA ELEMENTS
- fixed length control field: 240909|| aca||aabn | a|a d
040 ## - CATALOGING SOURCE
- Original cataloging agency: NUST
- Transcribing agency: NUST
100 ## - HEADING--PERSONAL NAME
- Personal name: Abbasi, Ameema Shahid
670 ## - SOURCE DATA FOUND
- Source citation: Work cat.: (NUST): Abbasi, Ameema Shahid, Climate-Induced Flooding Contributes to Infectious and Zoonotic Disease Transmission: A Case Study of 2022 Floods in Pakistan/
